Projektování a stavba letištních ploch /

Další autoři: Valach, Jan
Jazyk: Čeština
Vydáno: Praha : Státní nakladatelství technické literatury, 1955
Vydání: 1. vyd.
Témata:
Fyzický popis: 219 s.
Knihy
Uloženo v:
LEADER 00992nam a22003012a 4500
001 001437212
003 CZ BrMZK
005 20150616105820.0
007 ta
008 141113s1955 xr er|||||||||||cze d
015 |a cnb000720556 
035 |a (OCoLC)85446703 
040 |a LIA001  |b cze  |d BOA001 
080 9 |a 624 
080 9 |a 656.7 
245 0 0 |a Projektování a stavba letištních ploch /  |c Jan Valach ... [et al.] 
250 |a 1. vyd. 
260 |a Praha :  |b Státní nakladatelství technické literatury,  |c 1955 
300 |a 219 s. 
504 |a Obsahuje bibliografii 
650 0 7 |a letiště  |7 ph122268  |2 czenas 
650 0 7 |a stavební technologie  |7 ph126085  |2 czenas 
700 1 |a Valach, Jan  |7 xx0038614  |4 aut 
910 |a BOA001  |b 2-0349.192 
990 |a BK 
991 |b 201411 
996 6 |b 2619116365  |c 2-0349.192  |l MZK  |r Sklad / do 24 hodin  |n 0  |w 001472005  |u 000020  |a 1  |e BOA001  |j MZK50  |s P 
996 7 |b 2619116366  |c 2-0349.192  |l MZK  |r Sklad / do 24 hodin  |n 2  |w 001472005  |u 000010  |a 1  |e BOA001  |j MZK50  |s A